[Event "IMSA Blitz 2016"]
[Site "Huai'an CHN"]
[Date "2016.02.28"]
[Round "10.6"]
[White "Sargissian, Gabriel"]
[Black "Tomashevsky, Evgeny"]
[Result "1/2-1/2"]
[WhiteTitle "GM"]
[BlackTitle "GM"]
[WhiteElo "2702"]
[BlackElo "2728"]
[WhiteFideId "13300881"]
[BlackFideId "4147235"]
[EventDate "2016.02.28"]

1. d4 Nf6 2. c4 e6 3. Nc3 Bb4 4. Nf3 b6 5. Bd2 Bxc3 6. Bxc3 Ne4 7. Rc1 Bb7 8. g3
O-O 9. Bg2 Nxc3 10. Rxc3 Be4 11. O-O d6 12. Bh3 Bxf3 13. Rxf3 Nd7 14. Bg2 a5 15.
Rc3 Rb8 16. Bc6 e5 17. e3 Qe7 18. Qc2 Nf6 19. Qf5 g6 20. Qf3 Kg7 21. Rd1 h5 22.
b3 h4 23. dxe5 Qxe5 24. Rcd3 hxg3 25. hxg3 Rh8 26. Qf4 Rh5 27. Qxe5 Rxe5 28. Kg2
Rh8 29. Rh1 Rxh1 30. Kxh1 Ng4 31. Kg2 Rh5 32. Rd2 Rh8 33. Bf3 Ne5 34. Be2 f5 35.
Rd1 Kf6 36. Rd2 g5 37. Rd1 g4 38. Rd4 Kg5 1/2-1/2

[Event "IMSA Blitz 2016"]
[Site "Huai'an CHN"]
[Date "2016.02.29"]
[Round "11.3"]
[White "Tomashevsky, Evgeny"]
[Black "Navara, David"]
[Result "1-0"]
[WhiteTitle "GM"]
[BlackTitle "GM"]
[WhiteElo "2728"]
[BlackElo "2734"]
[WhiteFideId "4147235"]
[BlackFideId "309095"]
[EventDate "2016.02.28"]

1. e4 c5 2. Nf3 e6 3. b3 b6 4. Bb2 Bb7 5. Nc3 a6 6. Qe2 Nc6 7. O-O-O Nge7 8. Qe3
Qc7 9. Kb1 b5 10. h4 O-O-O 11. h5 h6 12. Rh3 d5 13. exd5 exd5 14. d4 Nf5 15. Qd2
Nfxd4 16. Nxd4 Nxd4 17. a4 b4 18. Ne2 Ne6 19. f4 d4 20. Bc1 Bd6 21. g3 Rhe8 22.
Bb2 Kb8 23. Nc1 Bf3 24. Re1 Bg4 25. Rh2 Nxf4 26. Rxe8 Rxe8 27. Bxa6 Nd5 28. Bb5
Re7 29. Nd3 Bxg3 30. Rg2 Nc3+ 31. Bxc3 bxc3 32. Qc1 Re3 33. Qf1 Bh3 34. Qg1 Bxg2
35. Qxg2 Qb7 36. Qh3 Qf3 37. Qd7 Qd1+ 38. Ka2 Qxc2+ 39. Ka3 Bc7 40. Ba6 Rxd3 41.
Qc8+ 1-0

[Event "IMSA Blitz 2016"]
[Site "Huai'an CHN"]
[Date "2016.02.29"]
[Round "11.6"]
[White "Mamedov, Rauf"]
[Black "Fressinet, Laurent"]
[Result "1-0"]
[WhiteTitle "GM"]
[BlackTitle "GM"]
[WhiteElo "2650"]
[BlackElo "2700"]
[WhiteFideId "13401653"]
[BlackFideId "608742"]
[EventDate "2016.02.28"]

1. g3 e5 2. Bg2 Nf6 3. d3 d5 4. Nf3 Bd6 5. O-O O-O 6. c4 c6 7. cxd5 cxd5 8. Bg5
Nbd7 9. Nc3 h6 10. Bd2 a6 11. Rc1 Re8 12. Nh4 d4 13. Ne4 Nxe4 14. Bxe4 Nf6 15.
Bg2 Rb8 16. Qa4 Be6 17. Nf3 Qd7 18. Qxd7 Nxd7 19. b3 Ba3 20. Rcd1 Rec8 21. e3
dxe3 22. Bxe3 Rc2 23. d4 e4 24. Nd2 f5 25. d5 Bf7 26. Nc4 Bf8 27. g4 g6 28. gxf5
gxf5 29. Bh3 Bg6 30. Kh1 Kh7 31. Rg1 b5 32. Na5 Rxa2 33. Nc6 Re8 34. Rg2 Nf6 35.
d6 Bh5 36. Bxf5+ Kh8 37. Bd4 Bg7 38. d7 Rf8 39. Kg1 Bxd1 40. Rg6 Bf3 41. Rxf6
Bxf6 42. Bxf6+ Kg8 43. Bg6 Rc2 44. Ne7# 1-0

[Event "IMSA Blitz 2016"]
[Site "Huai'an CHN"]
[Date "2016.02.29"]
[Round "11.8"]
[White "Movsesian, Sergei"]
[Black "Wojtaszek, Radoslaw"]
[Result "1-0"]
[WhiteTitle "GM"]
[BlackTitle "GM"]
[WhiteElo "2653"]
[BlackElo "2727"]
[WhiteFideId "310204"]
[BlackFideId "1118358"]
[EventDate "2016.02.28"]

1. Nf3 d5 2. g3 c6 3. Bg2 Bf5 4. c4 Nf6 5. O-O e6 6. cxd5 exd5 7. d3 Be7 8. Qb3
Qb6 9. Qc2 Na6 10. Nc3 O-O 11. a3 h6 12. b4 c5 13. Na4 Qc6 14. bxc5 Nxc5 15.
Nxc5 Qxc5 16. Qb3 b6 17. Be3 Qa5 18. Nd4 Bd7 19. Qb2 Rac8 20. Bd2 Qa4 21. Bb4
Bc5 22. Rfc1 Rfe8 23. e3 Qa6 24. Qd2 Bxd4 25. exd4 Bf5 26. Bf1 Qa4 27. Qf4 Bg6
28. Rxc8 Rxc8 29. Re1 Re8 30. Re5 Kh7 31. h4 Qd1 32. Rxe8 Nxe8 33. Qe3 Nf6 34.
Kg2 Ng4 35. Qe2 Qxe2 36. Bxe2 Nf6 37. Bd6 Nd7 38. Bg4 f5 39. Bh3 h5 40. Kf3 Kg8
41. Kf4 Kf7 42. Bxf5 Bxf5 43. Kxf5 a5 44. a4 g6+ 45. Kg5 Nf6 46. Bc7 Ng4 47.
Bxb6 Nxf2 48. Bxa5 Nxd3 49. Bd2 Nf2 50. Kf4 Ne4 51. Bb4 Ke6 52. a5 Nf2 53. a6
Nd3+ 54. Ke3 Nxb4 55. a7 1-0

[Event "IMSA Blitz 2016"]
[Site "Huai'an CHN"]
[Date "2016.02.29"]
[Round "12.1"]
[White "Li, Chao b"]
[Black "Wojtaszek, Radoslaw"]
[Result "1/2-1/2"]
[WhiteTitle "GM"]
[BlackTitle "GM"]
[WhiteElo "2751"]
[BlackElo "2727"]
[WhiteFideId "8604436"]
[BlackFideId "1118358"]
[EventDate "2016.02.28"]

1. d4 Nf6 2. c4 e6 3. g3 d5 4. Bg2 Bb4+ 5. Bd2 Be7 6. Nf3 O-O 7. O-O c6 8. Nc3
Nbd7 9. b3 b6 10. Bf4 Ba6 11. Nd2 Nh5 12. Be3 Rc8 13. a4 f5 14. cxd5 exd5 15.
Nf3 f4 16. Bd2 Bd6 17. Re1 Re8 18. e4 fxe3 19. Bxe3 Nhf6 20. Qd2 Bb4 21. Bg5
Rxe1+ 22. Rxe1 h6 23. Bh4 Qf8 24. Ne5 g5 25. Bxg5 hxg5 26. Ng6 Qg7 27. Ne5 Re8
28. Nxc6 Rxe1+ 29. Qxe1 Bxc3 30. Qxc3 Nf8 31. Qe3 Ne4 32. Bxe4 dxe4 33. Qxe4 Qh7
34. Qd5+ Kh8 35. Qe5+ Qg7 36. Qf5 Bb7 37. Nd8 Ba8 38. Nf7+ Kg8 39. Nxg5 Qg6 40.
Qxg6+ Nxg6 41. b4 Ne7 42. f4 Nd5 43. f5 Nxb4 44. h4 Nc2 45. Ne6 Bc6 46. g4 Ne3
47. f6 Nxg4 48. f7+ Kxf7 49. Nd8+ Kf6 50. Nxc6 a6 51. d5 Ne3 52. Nb8 b5 53. d6
bxa4 54. Nxa6 a3 55. Nb4 Ke6 56. Kf2 Nd5 57. Na2 Kxd6 1/2-1/2

[Event "IMSA Blitz 2016"]
[Site "Huai'an CHN"]
[Date "2016.02.29"]
[Round "12.3"]
[White "Fressinet, Laurent"]
[Black "Ponomariov, Ruslan"]
[Result "1-0"]
[WhiteTitle "GM"]
[BlackTitle "GM"]
[WhiteElo "2700"]
[BlackElo "2712"]
[WhiteFideId "608742"]
[BlackFideId "14103320"]
[EventDate "2016.02.28"]

1. Nf3 d5 2. g3 c6 3. Bg2 Bg4 4. O-O Nd7 5. d3 e6 6. h3 Bh5 7. e4 Bd6 8. exd5
cxd5 9. c4 Ne7 10. Nc3 O-O 11. cxd5 exd5 12. g4 Bg6 13. Nh4 Nb6 14. a4 a5 15. f4
f5 16. Be3 Bf7 17. Nxf5 Nxf5 18. gxf5 Be7 19. Bd4 Bf6 20. Be5 Nc8 21. Nb5 Ne7
22. Qg4 Kh8 23. Kh2 h5 24. Qe2 Nxf5 25. Rac1 Rc8 26. Qd2 Rc6 27. d4 Bh4 28. Rc3
Qe7 29. Rcf3 Rfc8 30. Nc3 Kh7 31. Rg1 Rg6 32. Bf1 Rxg1 33. Kxg1 Qe6 34. Bd3 Bg6
35. Kh2 Be7 36. Rf2 Bb4 37. Rg2 Rc6 38. Rg5 Qf7 39. Qg2 Nh4 40. Rxh5+ Kg8 41.
Rxh4 Bxd3 42. Rg4 Rg6 43. Qxd5 Bxc3 44. Qxf7+ Kxf7 45. bxc3 Bc2 46. Rxg6 Kxg6
47. Bc7 Bxa4 48. Bxa5 Bb3 49. Kg3 Kf5 50. Bc7 g6 51. Be5 b5 52. Kf3 Bd5+ 53. Ke3
Bc4 54. Kd2 Ke6 55. h4 Bd5 56. Kc2 Be4+ 57. Kb3 Kd5 58. Kb4 Kc6 59. Ka5 Bd3 60.
Bf6 Be4 61. Kb4 Bd3 62. Be5 Be4 63. c4 bxc4 64. Kxc4 Bd5+ 65. Kd3 Be6 66. Ke4
Bf5+ 67. Ke3 Kd5 68. Kd2 Ke4 69. Kc3 Kd5 70. Kb4 Be4 71. Kb5 Bf5 72. Kb6 Be4 73.
Kc7 Ke6 74. Kd8 Bc6 75. Bb8 Bb5 76. f5+ Kxf5 77. d5 Bc4 1-0

[Event "IMSA Blitz 2016"]
[Site "Huai'an CHN"]
[Date "2016.02.29"]
[Round "13.5"]
[White "Mamedov, Rauf"]
[Black "Sargissian, Gabriel"]
[Result "0-1"]
[WhiteTitle "GM"]
[BlackTitle "GM"]
[WhiteElo "2650"]
[BlackElo "2702"]
[WhiteFideId "13401653"]
[BlackFideId "13300881"]
[EventDate "2016.02.28"]

1. e4 c6 2. Ne2 d5 3. e5 d4 4. c3 d3 5. Nf4 Bf5 6. Qf3 Nd7 7. Nxd3 e6 8. Qe3 Qc7
9. Be2 Ne7 10. Nf4 Qxe5 11. Qxe5 Nxe5 12. d4 Nd7 13. Nd2 Nd5 14. Nc4 Be7 15. Na5
O-O-O 16. O-O Bd6 17. Nh5 Rhg8 18. Bd2 Bg6 19. Ng3 Bc7 20. Nb3 Nf4 21. Bf3 Nd3
22. Rab1 e5 23. Be4 Bxe4 24. Nxe4 exd4 25. Nxd4 N7c5 26. Nxc5 Nxc5 27. Be3 Na4
28. Rfc1 Rge8 29. b3 Nb6 30. c4 Nd7 31. Rd1 Ne5 32. h3 g6 33. Kf1 Bb6 34. Nc2
Bxe3 35. Nxe3 Kc7 36. Ke2 a5 37. f4 Nd7 38. Kf3 Nc5 39. Ng4 Nd7 40. Re1 f5 41.
Ne5 Nxe5+ 42. fxe5 Rd4 43. Re2 Kd7 44. b4 a4 45. b5 c5 46. b6 Re6 47. Rb5 Kc6
48. Ra5 Rxc4 49. Ra8 Kxb6 50. Rh8 Kc6 51. Rxh7 b5 52. Ra7 Rd4 53. g4 fxg4+ 54.
hxg4 g5 55. Rg7 b4 56. Rxg5 Kd5 57. Rf5 c4 58. g5 b3 59. axb3 cxb3 60. Rf8 a3
61. Rd8+ Kc4 62. Rc8+ Kb5 63. Rb8+ Rb6 64. Rxb6+ Kxb6 65. e6 Rd8 66. Re3 b2 67.
Rb3+ Kc5 0-1

[Event "IMSA Blitz 2016"]
[Site "Huai'an CHN"]
[Date "2016.02.29"]
[Round "13.7"]
[White "Movsesian, Sergei"]
[Black "Fressinet, Laurent"]
[Result "1/2-1/2"]
[WhiteTitle "GM"]
[BlackTitle "GM"]
[WhiteElo "2653"]
[BlackElo "2700"]
[WhiteFideId "310204"]
[BlackFideId "608742"]
[EventDate "2016.02.28"]

1. e4 e5 2. Nf3 Nc6 3. Bb5 a6 4. Ba4 Nf6 5. O-O Be7 6. d3 d6 7. c3 O-O 8. Nbd2
Re8 9. Re1 Bf8 10. Nf1 h6 11. Ng3 b5 12. Bc2 d5 13. exd5 Nxd5 14. a4 Bb7 15. Bd2
Qd7 16. b4 Rad8 17. axb5 axb5 18. Qb1 Nf6 19. Ne4 Be7 20. Qb3 Ra8 21. Rxa8 Rxa8
22. Be3 Re8 23. h3 Nd5 24. Bc5 Nf4 25. Bxe7 Qxe7 26. d4 Ba8 27. dxe5 Qd8 28. Rd1
Qe7 29. Re1 Qd8 30. Rd1 Qe7 31. Re1 Qd8 1/2-1/2

[Event "IMSA Blitz 2016"]
[Site "Huai'an CHN"]
[Date "2016.02.29"]
[Round "14.2"]
[White "Fressinet, Laurent"]
[Black "Wojtaszek, Radoslaw"]
[Result "1/2-1/2"]
[WhiteTitle "GM"]
[BlackTitle "GM"]
[WhiteElo "2700"]
[BlackElo "2727"]
[WhiteFideId "608742"]
[BlackFideId "1118358"]
[EventDate "2016.02.28"]

1. Nf3 d5 2. d4 Nf6 3. c4 e6 4. Nc3 c5 5. e3 a6 6. cxd5 exd5 7. Ne5 Bd6 8. Be2
O-O 9. O-O Re8 10. f4 Nc6 11. Bf3 Be6 12. Kh1 cxd4 13. exd4 Qb6 14. f5 Bxf5 15.
Nxd5 Nxd5 16. Bxd5 Be6 17. Nc4 Qc7 18. Bxe6 fxe6 19. d5 Ne5 20. Ne3 Ng6 21. dxe6
Rxe6 22. Nf5 Rae8 23. Qd5 Qc5 24. Qxc5 Bxc5 25. Bd2 Re2 26. Bc3 Bf8 27. Rad1 Ne5
28. h3 b5 29. a3 g6 30. Nd6 Re6 31. Nb7 Nf7 32. Nd8 Nxd8 33. Rxd8 Re8 34. Rd7
R2e7 35. Rxe7 Rxe7 36. Rf6 Bg7 37. Rxa6 Bxc3 38. bxc3 Rc7 39. Rb6 Rxc3 40. Rxb5 1/2-1/2

[Event "IMSA Blitz 2016"]
[Site "Huai'an CHN"]
[Date "2016.02.29"]
[Round "14.4"]
[White "Sargissian, Gabriel"]
[Black "Ponomariov, Ruslan"]
[Result "1-0"]
[WhiteTitle "GM"]
[BlackTitle "GM"]
[WhiteElo "2702"]
[BlackElo "2712"]
[WhiteFideId "13300881"]
[BlackFideId "14103320"]
[EventDate "2016.02.28"]

1. Nf3 d5 2. d4 Nf6 3. c4 c6 4. e3 Bg4 5. h3 Bf5 6. Nc3 e6 7. Bd3 Bg6 8. O-O
Nbd7 9. Re1 Bb4 10. Bxg6 hxg6 11. Qb3 a5 12. a3 Bxc3 13. bxc3 Qb6 14. Qxb6 Nxb6
15. c5 Nc4 16. Nd2 b5 17. cxb6 Nxb6 18. a4 Ne4 19. Nxe4 dxe4 20. c4 Nxc4 21. Re2
Rb8 22. Rc2 Rb4 23. Bd2 Nxd2 24. Rxd2 Kd7 25. Rc2 Ra8 26. Rc5 f6 27. Kh2 Kd6 28.
Rc2 Ra6 29. Kg3 e5 30. dxe5+ Kxe5 31. h4 Rb3 32. Rc5+ Kd6 33. Rc4 Rb4 34. Rc2 c5
35. Kf4 Rc6 36. g4 Ke6 37. h5 g5+ 38. Kg3 c4 39. Ra3 Kd5 40. Rd2+ Kc5 41. Rd7
Rb3 42. Ra1 c3 43. Rc1 Kc4 44. Rd4+ Kc5 45. Rxe4 Rc7 46. Rd4 Kb6 47. Kf3 Rb4 48.
Ke4 Rcc4 49. Kd3 Rxd4+ 50. exd4 Rxa4 51. Rxc3 Ra2 52. f3 a4 53. Rc8 a3 54. Ra8
Ra1 55. Ke4 Kb5 56. Kf5 Kb4 57. Kg6 Rf1 58. Kxg7 Rxf3 59. h6 Rh3 60. h7 Kc4 61.
h8=Q Rxh8 62. Kxh8 Kxd4 63. Rxa3 Ke4 64. Ra4+ Kd5 1-0

[Event "IMSA Blitz 2016"]
[Site "Huai'an CHN"]
[Date "2016.02.29"]
[Round "14.5"]
[White "Navara, David"]
[Black "Mamedov, Rauf"]
[Result "0-1"]
[WhiteTitle "GM"]
[BlackTitle "GM"]
[WhiteElo "2734"]
[BlackElo "2650"]
[WhiteFideId "309095"]
[BlackFideId "13401653"]
[EventDate "2016.02.28"]

1. d4 g6 2. e4 Bg7 3. Nc3 a6 4. f4 b5 5. Nf3 Bb7 6. e5 d6 7. Be3 e6 8. a4 b4 9.
Na2 a5 10. Bb5+ Nd7 11. c3 bxc3 12. bxc3 Ne7 13. O-O O-O 14. Nc1 Nb6 15. Nd3 c6
16. exd6 Nf5 17. Bf2 cxb5 18. axb5 Nxd6 19. Nc5 Bd5 20. Ne5 Nxb5 21. Qd3 Nd6 22.
Rfc1 Nbc4 23. Rab1 a4 24. Rb4 Nxe5 25. fxe5 Qg5 26. Qf1 Ne4 27. c4 Nd2 28. h4
Qg4 0-1

[Event "IMSA Blitz 2016"]
[Site "Huai'an CHN"]
[Date "2016.02.29"]
[Round "15.1"]
[White "Tomashevsky, Evgeny"]
[Black "Li, Chao b"]
[Result "1/2-1/2"]
[WhiteTitle "GM"]
[BlackTitle "GM"]
[WhiteElo "2728"]
[BlackElo "2751"]
[WhiteFideId "4147235"]
[BlackFideId "8604436"]
[EventDate "2016.02.28"]

1. e4 c5 2. Nf3 d6 3. Bb5+ Bd7 4. Qe2 Nc6 5. c3 a6 6. Ba4 e5 7. O-O g6 8. Rd1
Bg7 9. Bxc6 bxc6 10. d4 cxd4 11. cxd4 exd4 12. Nxd4 Ne7 13. Bf4 Nc8 14. Nc3 O-O
15. Rac1 Re8 16. b3 Qf6 17. Qf3 Nb6 18. h3 d5 19. Bc7 Qxf3 20. Nxf3 Nc8 21. exd5
cxd5 22. Nxd5 Be6 23. Bf4 Bxd5 24. Rxd5 a5 25. Be5 a4 26. Bxg7 Kxg7 27. b4 a3
28. Rc7 Nb6 29. Rd2 h6 30. Rb7 Re6 31. Nd4 Rf6 32. Nb5 Nc4 33. Rc2 Ne5 34. Rc3
Ra4 35. Nxa3 Rf4 36. Rb3 Nc6 37. Rb6 Nd4 38. Rd3 Ne6 39. b5 Rfb4 40. Nc2 Rb1+
41. Kh2 Rxa2 42. Rc6 Rxb5 43. Re3 Rf5 44. Re2 Nf4 45. Rd2 Ne6 46. Rcd6 Rf6 47.
Kg1 Rb2 48. Ne3 Rb1+ 49. Rd1 Rb2 50. R6d2 1/2-1/2

[Event "IMSA Blitz 2016"]
[Site "Huai'an CHN"]
[Date "2016.02.29"]
[Round "15.5"]
[White "Ponomariov, Ruslan"]
[Black "Navara, David"]
[Result "1-0"]
[WhiteTitle "GM"]
[BlackTitle "GM"]
[WhiteElo "2712"]
[BlackElo "2734"]
[WhiteFideId "14103320"]
[BlackFideId "309095"]
[EventDate "2016.02.28"]

1. e4 c6 2. d4 d5 3. e5 Bf5 4. Nf3 e6 5. Be2 Nd7 6. O-O h6 7. Nbd2 Ne7 8. c3 c5
9. dxc5 Nc6 10. b4 Ndxe5 11. Qa4 Nd7 12. Nd4 Nxd4 13. cxd4 Be7 14. Nf3 O-O 15.
Be3 Bg4 16. b5 Nf6 17. Qb3 Ne4 18. a4 f5 19. Rfd1 Kh7 20. Bf4 Bf6 21. h3 Bh5 22.
Ra2 Qa5 23. Rc2 g5 24. Bh2 f4 25. Nxg5+ hxg5 26. Bxh5 Bxd4 27. Bf3 Rf5 28. Bxe4
dxe4 29. Qxe6 Raf8 30. Qxe4 Bxc5 31. Kh1 Qb4 32. Rc4 Qb3 33. Rd5 Bxf2 34. Bg1
Qe3 35. Rxf5 Qxe4 36. Rxe4 1-0

[Event "IMSA Blitz 2016"]
[Site "Huai'an CHN"]
[Date "2016.02.29"]
[Round "15.6"]
[White "Movsesian, Sergei"]
[Black "Sargissian, Gabriel"]
[Result "1/2-1/2"]
[WhiteTitle "GM"]
[BlackTitle "GM"]
[WhiteElo "2653"]
[BlackElo "2702"]
[WhiteFideId "310204"]
[BlackFideId "13300881"]
[EventDate "2016.02.28"]

1. e4 e5 2. Nf3 Nc6 3. Bc4 Bc5 4. O-O Nf6 5. d3 d6 6. c3 a6 7. Bb3 Ba7 8. Nbd2
O-O 9. h3 h6 10. Re1 Re8 11. Nf1 Be6 12. Be3 Bxb3 13. Qxb3 Qd7 14. Ng3 Bxe3 15.
Rxe3 Rab8 16. Nf5 Ne7 17. Ng3 Nc6 18. Nf5 Ne7 19. Ng3 Nc6 20. Nf5 1/2-1/2

[Event "IMSA Blitz 2016"]
[Site "Huai'an CHN"]
[Date "2016.02.29"]
[Round "16.1"]
[White "Li, Chao b"]
[Black "Fressinet, Laurent"]
[Result "1/2-1/2"]
[WhiteTitle "GM"]
[BlackTitle "GM"]
[WhiteElo "2751"]
[BlackElo "2700"]
[WhiteFideId "8604436"]
[BlackFideId "608742"]
[EventDate "2016.02.28"]

1. d4 Nf6 2. c4 g6 3. Nc3 Bg7 4. e4 d6 5. Nf3 O-O 6. Be2 Nbd7 7. O-O e5 8. Be3
Qe7 9. dxe5 dxe5 10. Nd5 Qd8 11. Nxf6+ Nxf6 12. Qc2 Qe7 13. h3 Nh5 14. Rad1 Nf4
15. Rfe1 Be6 16. Bf1 Qf6 17. Bxf4 Qxf4 18. Qb3 b6 19. Qe3 Rfd8 20. Qxf4 exf4 21.
e5 h6 22. Nd4 c5 23. Nxe6 fxe6 24. Bd3 Kf7 25. g3 Rd4 26. gxf4 Rad8 27. Be2 h5
28. Bf3 Rxd1 29. Bxd1 Rd4 30. f5 exf5 31. Bf3 Ke7 32. Bd5 Bh6 33. Kg2 Bf4 34. h4
Bd2 35. Rd1 Bf4 36. Re1 Bd2 37. Rd1 Bf4 38. Re1 Bd2 39. Re2 Bc1 40. Kh3 Rd2 41.
Rxd2 Bxd2 42. Kg3 1/2-1/2

[Event "IMSA Blitz 2016"]
[Site "Huai'an CHN"]
[Date "2016.02.29"]
[Round "16.3"]
[White "Wojtaszek, Radoslaw"]
[Black "Sargissian, Gabriel"]
[Result "1-0"]
[WhiteTitle "GM"]
[BlackTitle "GM"]
[WhiteElo "2727"]
[BlackElo "2702"]
[WhiteFideId "1118358"]
[BlackFideId "13300881"]
[EventDate "2016.02.28"]

1. d4 Nf6 2. c4 e6 3. Nf3 d5 4. g3 Bb4+ 5. Nbd2 O-O 6. Bg2 b6 7. O-O Bb7 8. cxd5
exd5 9. b3 Re8 10. Bb2 Nbd7 11. Rc1 Bd6 12. Nb1 Qe7 13. Nc3 a6 14. Qc2 Rac8 15.
e3 g6 16. Qe2 c5 17. dxc5 bxc5 18. Qd3 Nb6 19. Rfd1 Rcd8 20. Qf1 Bb8 21. Ba3 Bd6
22. Rc2 d4 23. exd4 cxd4 24. Bxd6 Rxd6 25. Nxd4 Bxg2 26. Qxg2 Red8 27. Rcd2 Qc7
28. Ne4 Nxe4 29. Qxe4 Qc5 30. Rd3 Qb4 31. Qh4 R8d7 32. Kg2 Qa5 33. Qe4 Qd5 34.
Qxd5 Nxd5 35. a3 Nc7 36. R3d2 Nb5 37. Nf3 Rxd2 38. Rxd2 Rxd2 39. Nxd2 Nxa3 40.
Kf3 Kf8 41. Ke4 Ke7 42. Kd5 Kd7 43. Ne4 a5 44. Kc5 Nc2 45. Nd2 Nb4 46. Kb5 Nd3
47. f4 Nf2 48. Kxa5 Ng4 49. Nf3 Kc6 50. Ne5+ Nxe5 51. fxe5 Kd5 52. b4 1-0

[Event "IMSA Blitz 2016"]
[Site "Huai'an CHN"]
[Date "2016.02.29"]
[Round "16.4"]
[White "Movsesian, Sergei"]
[Black "Navara, David"]
[Result "1/2-1/2"]
[WhiteTitle "GM"]
[BlackTitle "GM"]
[WhiteElo "2653"]
[BlackElo "2734"]
[WhiteFideId "310204"]
[BlackFideId "309095"]
[EventDate "2016.02.28"]

1. e4 c6 2. d4 d5 3. e5 Bf5 4. Nd2 e6 5. Nb3 Nd7 6. Be2 c5 7. dxc5 Bxc5 8. Nf3
Ne7 9. O-O O-O 10. Nxc5 Nxc5 11. Be3 Nd7 12. c4 Bg4 13. cxd5 Nxd5 14. Bg5 Qb6
15. h3 Bh5 16. Qd2 h6 17. Bh4 Rfc8 18. Rac1 Qb4 19. Qxb4 Nxb4 20. a3 Nc6 21. g4
Bg6 22. Bg3 Be4 23. Rfd1 Bd5 24. b4 a6 25. Kf1 Rd8 26. Ke1 Rac8 27. Rc3 Bxf3 28.
Bxf3 Nd4 29. Rxc8 Nxf3+ 30. Ke2 Ng1+ 31. Kf1 Rxc8 32. Rxd7 Nxh3 33. Rxb7 Rc1+
34. Kg2 Ng5 35. Rb6 Rc4 36. Rxa6 Rxg4 37. b5 Ne4 38. Ra4 h5 39. b6 Nc5 40. Rxg4
hxg4 41. a4 Kf8 42. a5 Ke8 43. b7 Na6 44. Bh4 Kd7 45. Kg3 Kc6 46. Kxg4 Kxb7 47.
Be7 Nc7 48. Bf8 Ne8 49. Kg5 Ka6 50. Bb4 Kb5 51. Bd2 Nc7 52. f4 Nd5 53. Kg4 Ne7
54. Kf3 Nc6 55. Ke4 Nxa5 56. f5 Nb3 57. Be3 Kc4 58. fxe6 fxe6 59. Bb6 Nc5+ 60.
Kf4 Kd5 61. Kg5 Nd7 62. Ba5 Nxe5 63. Bc3 Ke4 64. Ba1 Kd5 65. Bc3 Nf7+ 66. Kg6 e5
67. Kxg7 Nd6 68. Bxe5 1/2-1/2

[Event "IMSA Blitz 2016"]
[Site "Huai'an CHN"]
[Date "2016.02.29"]
[Round "17.6"]
[White "Navara, David"]
[Black "Wojtaszek, Radoslaw"]
[Result "1-0"]
[WhiteTitle "GM"]
[BlackTitle "GM"]
[WhiteElo "2734"]
[BlackElo "2727"]
[WhiteFideId "309095"]
[BlackFideId "1118358"]
[EventDate "2016.02.28"]

1. e4 c5 2. b3 Nf6 3. e5 Nd5 4. Bb2 g6 5. h4 Bg7 6. h5 Nc6 7. Nf3 d6 8. Bb5 Bg4
9. hxg6 hxg6 10. Rxh8+ Bxh8 11. Qe2 dxe5 12. Bxe5 Bxe5 13. Qxe5 f6 14. Qg3 Qd7
15. Na3 Kf7 16. O-O-O Bxf3 17. Qxf3 Qf5 18. Qg3 Nd4 19. Bd3 Nf4 20. Bxf5 Nfe2+
21. Kb2 Nxg3 22. Bd3 Ngf5 23. Rh1 Kg7 24. Nc4 Nd6 25. Nxd6 exd6 26. Be4 Rb8 27.
Bd5 f5 28. Re1 Nc6 29. Bxc6 bxc6 30. Re7+ Kf6 31. Rxa7 Re8 32. a4 Re2 33. a5
Rxf2 34. a6 Rxg2 35. Rb7 1-0

[Event "IMSA Blitz 2016"]
[Site "Huai'an CHN"]
[Date "2016.02.29"]
[Round "18.2"]
[White "Fressinet, Laurent"]
[Black "Sargissian, Gabriel"]
[Result "1/2-1/2"]
[WhiteTitle "GM"]
[BlackTitle "GM"]
[WhiteElo "2700"]
[BlackElo "2702"]
[WhiteFideId "608742"]
[BlackFideId "13300881"]
[EventDate "2016.02.28"]

1. e4 e5 2. Nf3 Nc6 3. Bb5 a6 4. Ba4 Nf6 5. O-O Be7 6. d3 b5 7. Bb3 d6 8. a3 O-O
9. Nc3 Nb8 10. Ne2 Nbd7 11. Ng3 Nc5 12. Ba2 Be6 13. Be3 Bxa2 14. Rxa2 Ne6 15. d4
exd4 16. Nxd4 Nxd4 17. Bxd4 Nd7 18. a4 Bf6 19. Nh5 Bxd4 20. Qxd4 Qg5 21. Ng3 Qe5
22. Rd1 Qxd4 23. Rxd4 Nc5 24. b3 bxa4 25. b4 Ne6 26. Rc4 a5 27. Rxa4 axb4 28.
Rcxb4 Rxa4 29. Rxa4 Rb8 30. f3 g6 31. Nf1 Rb1 32. Kf2 Rc1 33. Ne3 h5 34. Rc4 Kg7
35. Nd5 c5 36. Ne3 Nd4 37. h4 Kf6 38. Rc3 Ke6 39. Rc4 Kd7 40. Rc3 Ke6 41. Rc4 f5
42. exf5+ gxf5 43. g3 Nb5 44. Ra4 Nd4 45. Rc4 Nb5 46. Ra4 Nd4 47. Rc4 1/2-1/2

[Event "IMSA Blitz 2016"]
[Site "Huai'an CHN"]
[Date "2016.02.29"]
[Round "18.7"]
[White "Mamedov, Rauf"]
[Black "Tomashevsky, Evgeny"]
[Result "1/2-1/2"]
[WhiteTitle "GM"]
[BlackTitle "GM"]
[WhiteElo "2650"]
[BlackElo "2728"]
[WhiteFideId "13401653"]
[BlackFideId "4147235"]
[EventDate "2016.02.28"]

1. g3 d5 2. Bg2 c6 3. d3 Nf6 4. Nd2 e5 5. e4 Bd6 6. Ngf3 O-O 7. O-O Bg4 8. h3
Bh5 9. c4 dxe4 10. Nxe4 Nxe4 11. dxe4 Bxf3 12. Qxf3 Bc5 13. h4 Nd7 14. Bg5 Nf6
15. Rad1 Bd4 16. h5 h6 17. Bh4 Qe7 18. Bh3 Rad8 19. b3 Rd6 20. Kg2 Rfd8 21. Bf5
Bc5 22. Rxd6 Qxd6 23. Bxf6 Qxf6 24. Rd1 Rxd1 25. Qxd1 g6 26. hxg6 fxg6 27. Bg4
Qxf2+ 28. Kh3 Qf6 29. Qf3 Qe7 30. Bc8 h5 31. g4 h4 32. g5 b6 33. Kxh4 Qf8 34.
Qxf8+ Kxf8 35. Bd7 Be3 36. Bxc6 a5 37. Kg4 Kf7 1/2-1/2

[Event "IMSA Blitz 2016"]
[Site "Huai'an CHN"]
[Date "2016.02.29"]
[Round "19.3"]
[White "Tomashevsky, Evgeny"]
[Black "Ponomariov, Ruslan"]
[Result "1-0"]
[WhiteTitle "GM"]
[BlackTitle "GM"]
[WhiteElo "2728"]
[BlackElo "2712"]
[WhiteFideId "4147235"]
[BlackFideId "14103320"]
[EventDate "2016.02.28"]

1. e4 c5 2. Nf3 d6 3. Bb5+ Nd7 4. O-O a6 5. Bd3 Ngf6 6. Re1 e5 7. c3 Be7 8. Bf1
O-O 9. d4 b5 10. a4 Rb8 11. axb5 axb5 12. Na3 b4 13. Nc4 bxc3 14. bxc3 cxd4 15.
cxd4 exd4 16. Nxd4 Bb7 17. Nf5 Bxe4 18. Nxe7+ Qxe7 19. Ba3 Qe6 20. Bxd6 Qd5 21.
Bxf8 Nxf8 22. Nd6 Qxd1 23. Raxd1 Bd5 24. Bc4 Bxc4 25. Nxc4 Ne6 26. g3 g6 27. Ne5
Rb7 28. Rb1 Ra7 29. Rb2 Kg7 30. Reb1 Nd7 31. Nxd7 Rxd7 32. Kg2 h5 33. Rb7 Rd8
34. R1b2 Ng5 35. Ra7 Ne4 36. Rbb7 Rf8 37. Kf3 Nd6 38. Rd7 Nf5 39. h3 Nh6 40. g4
hxg4+ 41. hxg4 g5 42. Kg3 Rb8 43. f3 Rb5 44. Rdb7 Rc5 45. Rc7 Rb5 46. Rc6 Ng8
47. Rac7 Nf6 48. Rc5 Rxc5 49. Rxc5 Kg6 50. Rc6 Kg7 51. Kf2 Ng8 52. Ke3 Ne7 53.
Ra6 Ng6 54. Ke4 Nh4 55. Rb6 f6 56. Rb7+ Kg6 57. Rb8 Kf7 58. Ra8 Ke6 59. Ra6+ Kf7
60. Ra3 Ke6 61. Kd4 Kd6 62. Ra6+ Ke7 63. Ke4 Kf7 64. Ra3 Ke6 65. Rb3 Kf7 66. Kd5
Kg7 67. Ke6 Kg6 68. Ke7 f5 69. Ke6 f4 70. Ke5 Kg7 71. Rb6 Nxf3+ 72. Kf5 Nd2 73.
Rb2 Nf3 74. Rb7+ Kf8 75. Ra7 Ke8 76. Ra3 Nd2 77. Rd3 Nc4 78. Ke4 1-0